000 00245 a2200109 4500
001 66319
040 _cAnchieta - Pituba
240 1 0 _aBRASIL CULTURAL NOSSO PAÍS
_lpor
245 1 0 _aBRASIL CULTURAL NOSSO PAÍS
650 4 _aGeografia
942 _cMX
999 _c66319
_d66319